| 000 | 00540nam a22001457a 4500 | ||
|---|---|---|---|
| 082 |
_a388.044 _bEXP _cD |
||
| 110 |
_aFederal Highway Administration And The Federal Transit Administration. _938477 |
||
| 245 | _aExploring the role of pricing as a congestion management tool | ||
| 260 |
_aWashington _bFederal Highway Administration And The Federal Transit Administration. _c1991. |
||
| 300 | _aix, 17p.: | ||
| 526 |
_a0 _b0 _c0 _d388_044000000000000_EXP |
||
| 526 |
_a0 _b0 _c0 _d388_044000000000000_EXP |
||
| 650 |
_aMCE _9379 |
||
| 942 |
_2ddc _cBK |
||
| 999 |
_c543102 _d543102 |
||